Impact of multinational enterprises on national scientific and technical capacities Food industry

保存先:
書誌詳細
フォーマット: 図書
言語:Undetermined
出版事項: Paris OECD 1979
主題:
タグ: タグ追加
タグなし, このレコードへの初めてのタグを付けませんか!
Thư viện lưu trữ: Trung tâm Học liệu Trường Đại học Cần Thơ
LEADER 00542nam a2200169Ia 4500
001 CTU_98668
008 210402s9999 xx 000 0 und d
082 |a 338.47664 
082 |b I.34 
245 0 |a Impact of multinational enterprises on national scientific and technical capacities 
245 0 |b Food industry 
260 |a Paris 
260 |b OECD 
260 |c 1979 
650 |a Food industry and trade,International business enterprises,Science and industry 
904 |i Truc 
980 |a Trung tâm Học liệu Trường Đại học Cần Thơ